1934 1312 1556 1852 1798 1161 1396 1976 1612 1220 1350 1637 1788 1104 1534 1242 1803 1543 1892 1664 1438 1013 1072 1336 1751 1947 1145 1805 1819 1980 1794 1820 1777 1956 1758 1358 1446 1030 1361 1203 1923 1211 1733 1001 1925 1904 1203 1315 1087 1649 1892 1041 1378 1857 1437 1850 1208 1428 1077 1493 1410 1721 1121 1593 1307 1053 1248 1537 1165 1365 1452 1963 1276 1603 1820 1355 1493 1843 1112 1823 1677 1620 1971 1551 1550 1740 1131 1664 1092 1761 1363 1141 1192 1471 1419 1725 1169 1020 1501 BCNSPRNW ULIB Ver.6.0+V

เปลี่ยนเป็นภาษาไทย

Change to English
 แสดงรายละเอียดบรรณานุกรม
  กลับหน้าหลัก

Brief Record : Get Marc (ISO 2709) : E-mail record : QR code < ปิดหน้าต่าง
LEADER : 00000nam 2200000uu 4500
001    13399120723
003     ULIB
008    121005s2552||||th 000 0 tha d
020    ^a9786167098098
060 04 ^aWJ300^bพ199ต
100 0  ^aพนิดา กุลประสูติดิลก
245 00 ^aไตวายการควบคุม ดูแลรักษา และการป้องกัน/^cพนิดา กุลประสูติดิลก
260    ^aกรุงเทพฯ :^bFeel Good Publishing,^c2552
300    ^a150 หน้า
650  7 ^aไตวาย
945    ^p150^l0^i16855
945    ^p150^l0^i16856
995    ^aวิภา
999 ^a ใช้งานได้ทุกระบบ
รายการนี้ยังไม่มีแท็ก
คุณยังไม่ได้ล็อกอิน คุณสามารถมีกิจกรรมร่วมกับเว็บไซต์ได้ แต่ต้องล็อกอินก่อน ::
  ล็อกอิน

รายการสื่อสารสนเทศ

ลำดับที่ ประเภท เลขเรียก/บาร์โค้ด สถานที่ สถานะ
1. วิทยาศาสตร์การแพทย์ และสุขภาพ
วิทยาศาสตร์การแพทย์ และสุขภาพ
WJ300 พ199ต  
  Barcode: 16855
ห้องสมุดวิทยาเขตสวรรค์ประชารักษ์
►หนังสือทั่วไป
บนชั้น
2. วิทยาศาสตร์การแพทย์ และสุขภาพ
วิทยาศาสตร์การแพทย์ และสุขภาพ
WJ300 พ199ต ฉ.2 
  Barcode: 16856
ห้องสมุดวิทยาเขตสวรรค์ประชารักษ์
►หนังสือทั่วไป
บนชั้น

รายการใกล้เคียง
    ผู้แต่ง [พนิดา กุลประสูติดิลก]

    หัวเรื่อง [ไตวาย]

BibComment


ยังไม่เคยถูกคอมเมนท์

คอมเมนท์ทรัพยากรรายการนี้
  คอมเมนท์: ไตวายการควบคุม ด..


 Copyright 2026. Bcnsprnw @Library